Life without bread (Record no. 325589)

000 -LEADER
fixed length control field 00410 a2200133 4500
001 - CONTROL NUMBER
control field 90516
082 ## - DEWEY DECIMAL CLASSIFICATION NUMBER
Classification number 613.283 ALL
090 ## - LOCALLY ASSIGNED LC-TYPE CALL NUMBER (OCLC); LOCAL CALL NUMBER (RLIN)
-- 42850
-- 42850
100 ## - MAIN ENTRY--PERSONAL NAME
Personal name Allan Christian B ; Wolfgang Lutz
245 ## - TITLE STATEMENT
Title Life without bread
Remainder of title How can a low carbohydrate diet can save your life
Statement of responsibility, etc. Christian B Allan
Medium English
260 ## - PUBLICATION, DISTRIBUTION, ETC.
Place of publication, distribution, etc. New York
Name of publisher, distributor, etc. McGraw Hill
Date of publication, distribution, etc. 2000
300 ## - PHYSICAL DESCRIPTION
Extent xiv, 240p.
500 ## - GENERAL NOTE
General note General Collection
942 ## - ADDED ENTRY ELEMENTS (KOHA)
Institution code [OBSOLETE] CAE NUST
Call number prefix 613.283 ALL
Holdings
Withdrawn status Lost status Damaged status Not for loan Collection code Permanent Location Current Location Date acquired Total Checkouts Full call number Barcode Date last seen Price effective from Koha item type
          College of Aeronautical Engineering (CAE) College of Aeronautical Engineering (CAE) 04/03/2017   613.283 ALL CAE86278 04/05/2017 04/05/2017 Book
© 2023 Central Library, National University of Sciences and Technology. All Rights Reserved.